|
|
|
|
| LEADER |
00000nam2a2200000 4500 |
| 001 |
48459 |
| 005 |
20231031031729.0 |
| 035 |
|
|
|a (RuTPU)RU\TPU\book\50757
|
| 090 |
|
|
|a 48459
|
| 100 |
|
|
|a 20030318d1980 km y0rusy50 ca
|
| 101 |
0 |
|
|a rus
|
| 102 |
|
|
|a RU
|
| 105 |
|
|
|a a g 001zy
|
| 200 |
0 |
|
|a Т. 3: Колебания машин, конструкций и их элементов
|f Э. Л. Айрапетов, И. А. Биргер, В. Л. Вейц и др.
|g Под ред. Ф. М. Диментберга, К. С. Колесникова
|
| 210 |
|
|
|d 1980
|
| 215 |
|
|
|a 544 с.
|c ил.
|
| 300 |
|
|
|a Авт. указ. на обороте тит. л.
|
| 320 |
|
|
|a Библиогр. в конце глав.
|
| 320 |
|
|
|a Предм. указ.: с. 538-544.
|
| 461 |
|
1 |
|0 (RuTPU)RU\TPU\book\50741
|t Вибрации в технике
|o Справочник в 6 т.
|f Гл. ред. В. Н. Челомей
|v Т. 3: Колебания машин, конструкций и их элементов
|d 1978-
|
| 610 |
1 |
|
|a техника
|
| 610 |
1 |
|
|a машины
|
| 610 |
1 |
|
|a конструкции
|
| 610 |
1 |
|
|a элементы
|
| 610 |
1 |
|
|a колебания
|
| 610 |
1 |
|
|a вибрация
|
| 610 |
1 |
|
|a зубчатые передачи
|
| 610 |
1 |
|
|a роторы
|
| 610 |
1 |
|
|a станки
|
| 610 |
1 |
|
|a лопатки турбин
|
| 610 |
1 |
|
|a горные машины
|
| 610 |
1 |
|
|a двигатели внутреннего сгорания
|
| 610 |
1 |
|
|a железнодорожный транспорт
|
| 610 |
1 |
|
|a судовые конструкции
|
| 610 |
1 |
|
|a автомобили
|
| 610 |
1 |
|
|a гусеничные машины
|
| 610 |
1 |
|
|a летательные аппараты
|
| 610 |
1 |
|
|a электрические машины
|
| 610 |
1 |
|
|a справочники
|
| 675 |
|
|
|a 62-868(035)
|v 3
|
| 701 |
|
1 |
|a Айрапетов
|b Э. Л.
|g Эдуард Леонович
|
| 701 |
|
1 |
|a Биргер
|b И. А.
|g Исаак Аронович
|
| 701 |
|
1 |
|a Вейц
|b В. Л.
|g Владимир Львович
|
| 701 |
|
1 |
|a Генкин
|b М. Д.
|
| 701 |
|
1 |
|a Гончаревич
|b И. Ф.
|
| 702 |
|
1 |
|a Диментберг
|b Ф. М.
|4 340
|
| 702 |
|
1 |
|a Колесников
|b К. С.
|4 340
|
| 801 |
|
1 |
|a RU
|b 63413507
|c 20030318
|g PSBO
|
| 801 |
|
2 |
|a RU
|b 63413507
|c 20160225
|g PSBO
|
| 900 |
|
|
|a Системы электроснабжения автомобилей
|
| 900 |
|
|
|a Надежность и диагностика технологических систем
|
| 900 |
|
|
|a Надежность и диагностика машин и станков
|
| 942 |
|
|
|c BK
|